000 00959nam a2200265 a 4500
005 20090711141024.0
008 090226s2009 nyua 001 0 eng
010 _aENG-94388
020 _a9780070670976
_c250.00
020 _a0070670978
_c250.00
035 _aEN-77921
037 _bDBAD / PUB
040 _adpl
_bEnglish
082 _a658.409
100 _aLundin, Stephen C.
245 _aCATS:
_cby Stephen C. Lundin
_bthe nine lives of innovation /
260 _aNew Delhi
_bTata McGraw Hill Education
_c2009
270 _a7 West Patel Nagar,
_bNew Delhi
_e110008
300 _axix, 168p.
_c19cm(pbk)
650 _aCreative ability in business
650 _aOrganizational change
650 _aInnovation
942 _2ddc
_cEN
_mLUN
_h658.409
999 _c28188
_d28188